Précis des maladies et des insectes nuisibles rencontrés sur les plantes cultivées au Congo, au Rwanda et au Burundi par la division de phytopathologie et d'entomologie agricole

সংরক্ষণ করুন:
গ্রন্থ-পঞ্জীর বিবরন
বিন্যাস: গ্রন্থ
ভাষা:Undetermined
প্রকাশিত: Bruxelles Institut National du Congo 1962
বিষয়গুলি:
ট্যাগগুলো: ট্যাগ যুক্ত করুন
কোনো ট্যাগ নেই, প্রথমজন হিসাবে ট্যাগ করুন!
Thư viện lưu trữ: Trung tâm Học liệu Trường Đại học Cần Thơ
LEADER 00582nam a2200157Ia 4500
001 CTU_12856
008 210402s9999 xx 000 0 und d
082 |a 632 
082 |b P923 
245 0 |a Précis des maladies et des insectes nuisibles rencontrés sur les plantes cultivées au Congo, au Rwanda et au Burundi par la division de phytopathologie et d'entomologie agricole 
260 |a Bruxelles 
260 |b Institut National du Congo 
260 |c 1962 
650 |a plants, protection of 
904 |i Minh, 961119 
980 |a Trung tâm Học liệu Trường Đại học Cần Thơ